[Event "Championnat de France 2022"]
[Site "ALBI"]
[Date "2022.08.20"]
[Round "8.1"]
[White "Sandras, Lilian"]
[Black "Gandon, Cyril"]
[Result "1/2-1/2"]
[WhiteElo "1199"]
[BlackElo "1199"]
[PlyCount "97"]
[EventDate "2022.??.??"]

1. e4 {2} c5 {9} 2. c3 {23} d5 {19} 3. exd5 {16} Qxd5 {29} 4. d4 {7} Nc6 {89}
5. Nf3 {31} Bg4 {47} 6. dxc5 {746} Qxd1+ {48} 7. Kxd1 {9} e5 {151} 8. Be3 {174}
e4 {124} 9. h3 {17} Bh5 {41} 10. g4 {15} exf3 {37} 11. gxh5 {23} Nf6 {103} 12.
Nd2 {47} O-O-O {187} 13. Kc2 {18} Nd5 {88} 14. Re1 {223} Nxe3+ {47} 15. Rxe3 {
19} Bxc5 {95} 16. Rxf3 {14} Rhf8 {533} 17. Ne4 {320} Be7 {241} 18. Rg1 {102} g6
{255} 19. hxg6 {12} fxg6 {22} 20. Rxf8 {361} Rxf8 {156} 21. Bd3 {20} Ne5 {211}
22. Rf1 {227} Nxd3 {81} 23. Kxd3 {27} Rf3+ {22} 24. Kd4 {100} Rxh3 {47} 25. Rd1
{118} Rf3 {114} 26. Rh1 {336} h5 {362} 27. b4 {220} Bf6+ {123} 28. Kc4 {176} a6
{375} 29. a4 {221} Kc7 {227} 30. Rg1 {116} Bh4 {333} 31. Rg2 {189} g5 {269} 32.
Nxg5 {32} Rf4+ {137} 33. Kb3 {106} Rxf2 {20} 34. Rg1 {60} Bxg5 {19} 35. Rxg5 {
13} Rh2 {13} 36. b5 {159} axb5 {95} 37. axb5 {18} h4 {43} 38. Kc4 {119} Rf2 {88
} 39. Rh5 {20} Rf4+ {8} 40. Kd5 {60} Kb6 {59} 41. c4 {32} Ka5 {123} 42. Rh6 {
208} Kb4 {55} 43. Rh7 {548} Rxc4 {96} 44. Rxb7 {19} Rc5+ {27} 45. Ke4 {10} Rh5
{50} 46. Rg7 {191} Rxb5 {228} 47. Rh7 {50} Kc3 {12} 48. Kf3 {28} Rb4 {50} 49.
Kg2 {157} 1/2-1/2

[Event "Championnat de France 2022"]
[Site "ALBI"]
[Date "2022.08.20"]
[Round "8.2"]
[White "Stathopulos, Alexandre"]
[Black "Herbin, Anthony"]
[Result "1-0"]
[WhiteElo "1199"]
[BlackElo "1212"]
[PlyCount "59"]
[EventDate "2022.??.??"]

1. d4 {56} d5 {60} 2. c4 {20} e6 {56} 3. Nc3 {12} f5 {44} 4. cxd5 {76} exd5 {46
} 5. Nf3 {54} Nf6 {107} 6. Bf4 {59} Bd6 {168} 7. e3 {220} O-O {282} 8. Be2 {261
} Bxf4 {382} 9. exf4 {13} Be6 {35} 10. O-O {78} Nbd7 {255} 11. Re1 {465} c6 {
316} 12. Ba6 {534} bxa6 {1599} 13. Rxe6 {145} Ne4 {868} 14. Rxc6 {808} Nb8 {48}
15. Re6 {64} Nxc3 {277} 16. bxc3 {38} Qc7 {111} 17. Qb3 {182} Rd8 {76} 18. Ng5
{744} Qd7 {443} 19. Rae1 {118} Nc6 {76} 20. Qa4 {161} Re8 {143} 21. g3 {227} h6
{137} 22. Rxe8+ {172} Rxe8 23. Rxe8+ {19} Qxe8 24. Nf3 {28} Qc8 {45} 25. Qb3 {
134} Qd8 {116} 26. Qb7 {100} Qb6 {148} 27. Qc8+ {47} Nd8 {51} 28. Qxf5 {37} Qa5
{12} 29. Qd7 {65} Nf7 {36} 30. Qe8+ {17} 1-0

[Event "Championnat de France 2022"]
[Site "ALBI"]
[Date "2022.08.20"]
[Round "8.3"]
[White "Cusquel, Maxime"]
[Black "Thoreux-Josso, Ambre"]
[Result "1-0"]
[WhiteElo "1199"]
[BlackElo "1111"]
[PlyCount "55"]
[EventDate "2022.??.??"]

1. e4 {1} c5 {7} 2. Nf3 {6} Nc6 {8} 3. Nc3 {6} Nf6 {16} 4. d4 {6} cxd4 {21} 5.
Nxd4 {8} Qb6 {64} 6. Be3 {38} Qxb2 {90} 7. Ndb5 {8} Qb4 {460} 8. Bd2 {73} Nxe4
{495} 9. Nd5 {114} Qxd2+ {141} 10. Qxd2 {23} Nxd2 {12} 11. Ndc7+ {165} Kd8 {32}
12. Nxa8 {40} Ne4 {46} 13. f3 {36} Nc5 {38} 14. O-O-O {72} a6 {51} 15. Nc3 {22}
b5 {183} 16. Nb6 {61} Bb7 {77} 17. Ne4 {227} Nxe4 {514} 18. Rxd7+ {26} Ke8 {15}
19. fxe4 {47} Bc8 {72} 20. Rc7 {46} e5 {495} 21. Rxc8+ {73} Nd8 {49} 22. Be2 {
73} Ba3+ {113} 23. Kb1 {14} Ke7 {105} 24. Nd5+ {193} Ke8 {71} 25. Rd1 {141} Bd6
{204} 26. Ne3 {166} Ke7 {89} 27. Nf5+ {71} Kd7 {678} 28. Nxd6 {126} 1-0

[Event "Championnat de France 2022"]
[Site "ALBI"]
[Date "2022.08.20"]
[Round "8.4"]
[White "Bert, Lisa"]
[Black "Mantovani, Matthieu"]
[Result "1-0"]
[WhiteElo "1271"]
[BlackElo "1199"]
[PlyCount "33"]
[EventDate "2022.??.??"]

1. e4 {5} e5 {73} 2. Nf3 {12} Nc6 {27} 3. Bc4 {21} Be7 {143} 4. O-O {90} Nf6 {
323} 5. Nc3 {56} Nxe4 {81} 6. Bxf7+ {130} Kxf7 {633} 7. Nxe4 {43} Rf8 {94} 8.
d4 {143} d5 {415} 9. Neg5+ {92} Kg8 {62} 10. dxe5 {55} Bg4 {22} 11. h3 {91}
Bxf3 {354} 12. Nxf3 {43} Qd7 {260} 13. Re1 {201} Qe6 {190} 14. Bg5 {662} Rf5 {
67} 15. Bxe7 {25} Qxe7 {102} 16. Qxd5+ {292} Kh8 {40} 17. Qd3 {116} 1-0

[Event "Championnat de France 2022"]
[Site "ALBI"]
[Date "2022.08.20"]
[Round "8.5"]
[White "Balteau, Tom"]
[Black "Lafon, Mathis"]
[Result "1-0"]
[WhiteElo "1199"]
[BlackElo "1199"]
[PlyCount "60"]
[EventDate "2022.??.??"]

1. e4 {4} c5 {4} 2. c3 {11} Nf6 {5} 3. e5 {7} Nd5 {5} 4. d4 {13} cxd4 {9} 5.
cxd4 {10} e6 {18} 6. Nf3 {56} Nc6 {43} 7. a3 {253} d6 {80} 8. Bd3 {290} Qb6 {
469} 9. O-O {80} Nxd4 {179} 10. Nxd4 {22} dxe5 {136} 11. Nf3 {291} Bd6 {116}
12. Nbd2 {480} f6 {201} 13. Nc4 {35} Qc7 {31} 14. Nxd6+ {71} Qxd6 {12} 15. Qb3
{402} O-O {122} 16. Rd1 {110} b6 {171} 17. Be3 {115} Bb7 {290} 18. Rac1 {130}
Rac8 {773} 19. Rc2 {456} f5 {549} 20. Rxc8 {322} Rxc8 {27} 21. Bf1 {135} f4 {
526} 22. Bd2 {73} e4 {276} 23. Bb4 {169} Qd8 {102} 24. Nd4 {170} Qe8 {165} 25.
Nb5 {240} Qg6 {124} 26. Nd6 {93} Rc7 {78} 27. Nxb7 {52} Rxb7 {2} 28. Rxd5 {82}
exd5 {49} 29. Qxd5+ {6} Qf7 {8} 30. Bc4 {7} f3 1-0

[Event "Championnat de France 2022"]
[Site "ALBI"]
[Date "2022.08.21"]
[Round "9.1"]
[White "Gandon, Cyril"]
[Black "Bert, Lisa"]
[Result "1/2-1/2"]
[WhiteElo "1199"]
[BlackElo "1271"]
[PlyCount "45"]
[EventDate "2022.??.??"]

1. d4 {2} d5 {5} 2. Nf3 {5} Nf6 {41} 3. g3 {6} Bf5 {42} 4. Bg2 {9} e6 {51} 5.
O-O {12} Be7 {18} 6. c4 {37} c6 {68} 7. Nc3 {96} h6 {75} 8. Qb3 {131} Qb6 {183}
9. Qxb6 {113} axb6 {30} 10. cxd5 {62} exd5 {38} 11. Bf4 {208} g5 {315} 12. Be5
{96} Nbd7 {107} 13. Rfe1 {176} O-O {267} 14. Bxf6 {392} Nxf6 {202} 15. Ne5 {113
} Bb4 {428} 16. a3 {312} Bxc3 {139} 17. bxc3 {2} Ra4 {713} 18. f3 {251} Rfa8 {
185} 19. e4 {20} dxe4 {92} 20. fxe4 {8} Be6 {128} 21. Rec1 {321} b5 {284} 22.
c4 {488} b4 {2} 23. d5 {4} 1/2-1/2

[Event "Championnat de France 2022"]
[Site "ALBI"]
[Date "2022.08.21"]
[Round "9.2"]
[White "Stathopulos, Alexandre"]
[Black "Cusquel, Maxime"]
[Result "0-1"]
[WhiteElo "1199"]
[BlackElo "1199"]
[PlyCount "138"]
[EventDate "2022.??.??"]

1. d4 {712} Nf6 {15} 2. c4 {12} g6 {30} 3. Nc3 {7} Bg7 {9} 4. e4 {12} d6 {8} 5.
Nf3 {12} O-O {12} 6. Be2 {5} Bg4 {8} 7. O-O {80} Nfd7 {9} 8. h3 {262} Bxf3 {8}
9. Bxf3 {8} e5 {40} 10. d5 {144} a5 {11} 11. Bd2 {555} Na6 {203} 12. a3 {199}
b6 {43} 13. Qb1 {425} Nac5 {74} 14. Bd1 {265} a4 {123} 15. b4 {358} axb3 {33}
16. Bxb3 {11} Nxb3 {31} 17. Qxb3 {6} Nc5 {11} 18. Qc2 {31} f5 {97} 19. Be3 {315
} f4 {182} 20. Bxc5 {63} bxc5 {71} 21. a4 {295} f3 {149} 22. g3 {93} Qd7 {75}
23. Kh2 {41} g5 {75} 24. Rh1 {522} Rf6 {150} 25. g4 {343} Rh6 {171} 26. Kg3 {94
} Qf7 {73} 27. Qd2 {51} Qf4+ {14} 28. Qxf4 {19} exf4+ {5} 29. Kxf3 {12} Bxc3 {4
} 30. Ra2 {74} Rf6 {50} 31. h4 {62} h6 {152} 32. hxg5 {164} hxg5 {17} 33. Rh5 {
27} Rg6 {42} 34. Ke2 {15} Kg7 {66} 35. Kd3 {36} Bb4 {66} 36. f3 {15} Be1 {381}
37. Rh1 {86} Bh4 {141} 38. a5 {53} Kf6 {50} 39. a6 {19} Ra7 {15} 40. Rb1 {26}
Rg8 {9} 41. Rb7 {188} Rxb7 {98} 42. axb7 {23} Rb8 {8} 43. Rb2 {7} Ke7 {11} 44.
Kc2 {185} Kd7 {14} 45. Rb3 {16} c6 {12} 46. Rb6 {9} cxd5 {14} 47. exd5 {50} Kc7
{9} 48. Rc6+ {31} Kd7 {12} 49. Rb6 {12} Be1 {17} 50. Kd3 {37} Ba5 {40} 51. Ra6
{62} Bd8 {25} 52. Ra7 {338} Kc7 {21} 53. Ra6 {24} Rxb7 {10} 54. Ra4 {31} Rb3+ {
30} 55. Ke2 {33} Kb7 {42} 56. Kf2 {21} Rb4 {17} 57. Rxb4+ {65} cxb4 {9} 58. Ke2
{6} b3 {21} 59. Kd3 {14} Ba5 {21} 60. Ke4 {51} b2 {20} 61. Kf5 {7} Bd8 {17} 62.
Ke6 {13} b1=Q {24} 63. Kxd6 {12} Bc7+ {36} 64. Ke6 {54} Qg6+ {9} 65. Ke7 {23}
Kc8 {48} 66. c5 {16} Bd8+ {13} 67. Kf8 {14} Qh7 {54} 68. d6 {20} Bf6 {23} 69.
c6 {24} Qg7+ {11} 0-1

[Event "Championnat de France 2022"]
[Site "ALBI"]
[Date "2022.08.21"]
[Round "9.3"]
[White "Sandras, Lilian"]
[Black "Balteau, Tom"]
[Result "1/2-1/2"]
[WhiteElo "1199"]
[BlackElo "1199"]
[PlyCount "103"]
[EventDate "2022.??.??"]

1. e4 {1} e5 {8} 2. Nf3 {8} Nf6 {6} 3. d4 {17} Nxe4 {10} 4. Bd3 {25} d5 {21} 5.
Nxe5 {14} Nd7 {19} 6. Qe2 {207} Nxe5 {83} 7. Bxe4 {41} dxe4 {85} 8. Qxe4 {93}
Be7 {56} 9. dxe5 {70} O-O {63} 10. O-O {23} Re8 {73} 11. Nc3 {370} c6 {22} 12.
Rd1 {79} Qc7 {104} 13. Bf4 {153} Be6 {17} 14. Rd3 {487} g6 {418} 15. Qe3 {328}
Qa5 {171} 16. Re1 {522} Bf5 {282} 17. Rd2 {265} Qb4 {326} 18. b3 {463} Bc5 {800
} 19. Qg3 {175} Rad8 {849} 20. Rde2 {223} Rd4 {819} 21. Bd2 {581} Qa3 {444} 22.
Be3 {344} Rd7 {38} 23. Bxc5 {103} Qxc5 {3} 24. Na4 {234} Qa5 {74} 25. c4 {43}
b5 {150} 26. cxb5 {41} cxb5 {2} 27. Nc5 {68} Rde7 {9} 28. Ne4 {76} Bxe4 {18}
29. Rxe4 {21} Qxa2 {23} 30. Qd3 {82} Qa5 {95} 31. h3 {45} a6 {62} 32. Qd5 {43}
Re6 {34} 33. f4 {228} Rd8 {76} 34. Qc5 {67} Rd2 {237} 35. R1e3 {154} Qa1+ {205}
36. Kh2 {8} Qf1 {42} 37. Rg3 {78} Rf2 {52} 38. Qd4 {186} Kg7 {254} 39. b4 {26}
h5 {82} 40. h4 {68} Kh7 {74} 41. Qe3 {230} Rc6 {273} 42. Rg5 {304} Rcc2 {163}
43. Qg3 {53} Rxg2+ {637} 44. Qxg2 {27} Rxg2+ {10} 45. Rxg2 {6} Kg7 {87} 46.
Rge2 {217} Kf8 {44} 47. Kg3 {79} Ke7 {256} 48. e6 {102} fxe6 {28} 49. Rxe6+ {15
} Kf7 {11} 50. Re7+ {103} Kf6 {95} 51. R2e6+ {47} Kf5 {14} 52. Re5+ {118}
1/2-1/2

[Event "Championnat de France 2022"]
[Site "ALBI"]
[Date "2022.08.21"]
[Round "9.4"]
[White "Ndika, Anthony"]
[Black "Loyer, Laurent"]
[Result "1-0"]
[WhiteElo "1247"]
[BlackElo "1199"]
[PlyCount "149"]
[EventDate "2022.??.??"]

1. c4 e5 {17} 2. Nc3 {6} f5 {48} 3. Nf3 {172} Nc6 {51} 4. e3 {132} e4 {227} 5.
Nd4 {95} Nf6 {79} 6. Nxf5 {152} d5 {151} 7. Ng3 {42} Be6 {235} 8. cxd5 {207}
Bxd5 {87} 9. Nxd5 {23} Qxd5 {74} 10. Be2 {277} h5 {353} 11. Qb3 {213} O-O-O {
624} 12. Qxd5 {91} Rxd5 {25} 13. Bc4 {219} Rc5 {81} 14. b3 {57} h4 {420} 15.
Ne2 {39} Ne5 {109} 16. Be6+ {60} Kb8 {28} 17. O-O {52} Nd3 {169} 18. Ba3 {152}
Re5 {30} 19. Bxf8 {91} Rxf8 {12} 20. Bh3 {11} Nh7 {346} 21. Bg4 {512} Nf6 {193}
22. f3 {86} Rg8 {358} 23. Nc1 {253} Nxc1 {434} 24. Raxc1 {13} Rd8 {30} 25. Rc2
{291} Nd5 {143} 26. fxe4 {173} Nb4 {56} 27. Rc4 {212} a5 {214} 28. Rf7 {296}
Rg5 {350} 29. Rcxc7 {102} Rxg4 {106} 30. Rxb7+ {16} Ka8 {55} 31. Ra7+ Kb8 {48}
32. Rxa5 {796} Rxe4 {118} 33. Rb5+ {25} Ka8 {141} 34. a3 {87} Nc6 {118} 35. a4
{515} Ne7 {64} 36. a5 {150} Rxd2 {38} 37. Rf8+ {65} Ka7 {16} 38. Rf2 {300} Rd1+
{29} 39. Rf1 {89} Rd3 {40} 40. Rc1 {101} Ka6 {99} 41. Rb6+ {61} Kxa5 {53} 42.
Rb8 Rxb3 {245} 43. Rxb3 {14} Ka4 {31} 44. Rcb1 {31} Nd5 {59} 45. Rb7 {71} Nb4 {
51} 46. R7xb4+ {64} Rxb4 {12} 47. Rxb4+ {14} Kxb4 {4} 48. Kf2 {8} Kc4 {48} 49.
g3 {18} hxg3+ {52} 50. hxg3 {10} Kd5 {14} 51. Kf3 {9} Ke5 {14} 52. e4 {108} g6
{141} 53. g4 {11} Kf6 {46} 54. Kf4 {35} g5+ {28} 55. Kf3 {12} Ke6 {66} 56. Ke3
{31} Ke5 {14} 57. Kd3 {23} Ke6 {85} 58. Kd4 {19} Kd6 {31} 59. e5+ {24} Ke6 {19}
60. Ke4 {10} Kf7 {329} 61. Kf5 {23} Ke7 {33} 62. Kxg5 {6} Ke6 {65} 63. Kf4 {43}
Ke7 {40} 64. Kf5 {9} Kf7 {21} 65. g5 {26} Kg7 {56} 66. e6 {18} Kf8 {16} 67. Kf6
{23} Ke8 {42} 68. e7 {17} Kd7 {14} 69. g6 {9} Ke8 {12} 70. g7 {22} Kd7 {10} 71.
g8=Q {10} Kd6 {12} 72. e8=Q {119} Kc5 {24} 73. Qg5+ {29} Kd6 {18} 74. Qe6+ {13}
Kc7 {9} 75. Qg7+ {
Kc8 Qe8# [%emt 00:00:13] Kc7 [%emt 00:00:06] Qee7+ [%emt 00:00:01] 11 25} 1-0

[Event "Championnat de France 2022"]
[Site "ALBI"]
[Date "2022.08.21"]
[Round "9.5"]
[White "Herbin, Anthony"]
[Black "Guerin, Sasha"]
[Result "0-1"]
[WhiteElo "1212"]
[BlackElo "1185"]
[PlyCount "106"]
[EventDate "2022.??.??"]

1. e4 {18} e6 {4} 2. d4 {34} d5 {6} 3. exd5 {57} exd5 {14} 4. Be3 {70} Bd6 {14}
5. Bd3 {78} Ne7 {189} 6. Nf3 {92} Nbc6 {293} 7. O-O {104} Bf5 {272} 8. c3 {453}
Bxd3 {326} 9. Qxd3 {117} Ng6 {55} 10. Qb5 {248} Rb8 {54} 11. Re1 {278} O-O {21}
12. Nbd2 {88} Nce7 {167} 13. Qd3 {318} c6 {178} 14. Rac1 {237} Qd7 {283} 15.
Nf1 {392} Rfe8 {293} 16. Bd2 {266} Bf4 {218} 17. b3 {378} Bxd2 {211} 18. Qxd2 {
55} Qf5 {602} 19. Ng3 {253} Qf4 {33} 20. Qd3 {36} Qd6 {243} 21. Re3 {505} Nf4 {
65} 22. Qc2 {99} Neg6 {123} 23. Rce1 {121} Rxe3 {139} 24. Rxe3 {115} Qd7 {156}
25. Ne5 {475} Nxe5 {48} 26. Rxe5 {11} Ng6 {2} 27. Re3 {50} Re8 {41} 28. Qe2 {
217} Rxe3 {120} 29. Qxe3 {30} h6 {75} 30. h3 {60} Kf8 {178} 31. a4 {151} Qc7 {
47} 32. Ne2 {124} Qb6 {48} 33. Nc1 {176} a5 {105} 34. g3 {125} Qc7 {123} 35.
Nd3 {66} b6 {42} 36. Kg2 {140} Ne7 {33} 37. h4 f6 {222} 38. Nf4 Kf7 {170} 39.
Qe6+ {89} Ke8 40. Ng6 {81} Kd8 {118} 41. Nxe7 Qxe7 42. Qxc6 Qe4+ 43. Kh2 Qf3
44. Qxb6+ Ke8 {626} 45. Qe6+ Kf8 {57} 46. Qe3 Qd1 {83} 47. b4 Qxa4 {103} 48.
bxa5 Qxa5 {18} 49. Kh3 Qa6 {163} 50. Kg4 Kf7 {235} 51. f4 Qc8+ {73} 52. Kf3 h5
{152} 53. Qe2 Qxc3+ {343} 0-1